Days Of The Week - German - Statistics

General Stats
  • This quiz has been taken 36 times
  • The average score is 6 of 7
Answer Stats
Day In German % Correct
Monday Montag
100%
Friday Freitag
83%
Tuesday Dienstag
78%
Thursday Donnerstag
78%
Wednesday Mittwoch
78%
Saturday Samstag
78%
Sunday Sonnstag
61%
No matching quizzes found
Score Distribution
Percent of People with Each Score
Percentile by Number Answered
Your Score History
You have not taken this quiz